000 00382nam a2200169Ia 4500
100 _aMohan/Krishna/ Banerji/M
650 _aCommunication skills
250 _a2
942 _cBK
366 _f25
245 _aDeveloping communication skills
260 _bMacmillan India Ltd.
_c2009
082 _a371.2
_bMOH
300 _a388
546 _aENGLISH
_cproduction
999 _c19616
_d19616